000 00500nam a22001337a 4500
020 _a9780071621274
082 _a621.3848
100 _aFabrizio Giuseppe Aureliano
_969552
245 _aHigh frequency over the-horizon radar Fundamental Principles Signal Processing and Practical Applications
260 _aUSA
_bMcGraw-Hill
_c2013
300 _axxi-922 P
650 _aHigh Frequency Over The Horizon Radar Fundamental Principles Signal Processing and Practical Applications
_969553
942 _cBK
999 _c576785
_d576785